000 00556nam a2200229Ia 4500
003 OSt
005 20221005125706.0
006 a|||||r|||| 00| 0
007 ta
008 221004b |||||||| |||| 00| 0 tel d
024 _a60886
037 _cTextual
040 _aCRL
_cCRL
_btel
041 _2tel
_atel
082 _aO33,3NNE,1, J9
100 _aKulakarni
_9636994
245 0 _aPooja phala
260 _c1949
650 _aKANNAD LITERATURE
942 _hO33,3NNE,1, J9
_cTEXL
_2cc
999 _c1054775
_d1054775